Byzantium and the Crusades /
المؤلف الرئيسي:
التنسيق: كتاب
اللغة: English
منشور في:
London ; New York :
Hambledon and London Distributed in the U.S. and Canada by Palmgrave Macmillan,
2003.
سلاسل:
Crusader worlds.
الموضوعات:
الوسوم: إضافة وسم
رقم الطلب: D157 .H323 2003
| LEADER | 01325namaa2200301 4500 | ||
|---|---|---|---|
| 001 | 12151 | ||
| 003 | OSt | ||
| 005 | 20240912122801.0 | ||
| 008 | 130303s2003 enkaf b 001 0 eng d | ||
| 952 | |0 0 |1 0 |2 lcc |4 0 |6 D0157 H323 02003 |7 1 |9 11471 |a ARCE |b ARCE |d 2021-03-31 |l 0 |o D157 .H323 2003 |p 1010393 |r 2021-03-31 00:00:00 |w 2021-03-31 |y BK | ||
| 999 | |c 10620 |d 10620 | ||
| 010 | |a 2004268352 | ||
| 020 | |a 1852852984 | ||
| 040 | |c ARCE Library | ||
| 043 | |a e------ | ||
| 050 | 4 | |a D157 .H323 2003 | |
| 100 | 1 | |a Harris, Jonathan |q (Jonathan P.), |e author | |
| 245 | 1 | 0 | |a Byzantium and the Crusades / |c Jonathan Harris. |
| 264 | 1 | |a London ; |a New York : |b Hambledon and London Distributed in the U.S. and Canada by Palmgrave Macmillan, |c 2003. | |
| 300 | |a xvii, 259 pages, 8 pages of plates : |b illustrations, maps ; |c 25 cm. | ||
| 490 | 1 | |a Crusader worlds. | |
| 504 | |a Includes bibliographical references (pages [227]-243) and index. | ||
| 505 | 0 | |a 1. The Empire of Christ The Rulers of the Empire The Search for Security 4. The Passage of the First Crusade 5. Jerusalem and Antioch 6. Innovation and Continuity 7. Anndronicus 8. Iron not Gold; The fall of Constantinople 10. Recovery 11. Survival | |
| 555 | |a .alaa-sweed | ||
| 650 | 0 | |a Byzantine Empire |x History |y 1081-1453. | |
| 650 | 0 | |a Crusades. | |
| 901 | |a reviewed | ||
| 942 | |c BK |2 lcc | ||
